000 00623nam a22002177a 4500
001 25979
003 BD-RjUL
005 20211209050944.0
008 890223r19421901dcu a 000 0 eng
035 _a(BD-RjUL)26049
040 _aDLC
_cDLC
_dBD-RjUL
_beng
041 _aeng
082 _a954.08
_bNAP 1962
100 1 _aNaoroji, Dadabhai,
_d1825-1917.
_979831
245 1 0 _aPoverty and un-British rule in India /
_cby Dadabhai Naoroji.
260 _aLondon :
_bS. Sonnenschein,
_c1901[Printed 1962]
300 _aix, 597p.
_c24 cm.
_bill. ;
942 _2ddc
_cBK
999 _c25979
_d25979